000 01760cam a22004814i 4500
003 PE-LiUPU
005 20250731172910.0
008 150617s1971 ag rb 000 0 spa d
035 _a(Sirsi) a16850
040 _aPE-LiUPU
_bspa
_cPE-LiUPU
_erda
049 _aPRUA
082 0 4 _a269.2
_bA941t
_223
100 1 _aAutrey, C. E.,
_eautor.
245 1 3 _aLa Teología del Evangelismo /
_cpor C. E. Autrey; traducido por Ervin Hastey, prefacio a la versión castellana por Samuel O. Libert
264 1 _aBuenos Aires :
_bCasa Bautista de Publicaciones,
_c1971.
300 _a125 páginas ;
_c19 centímetros.
336 _atext
_2rdacontent
337 _aunmediated
_2rdamedia
338 _avolume
_2rdacarrier
504 _aCon notas bibliográficas.
505 0 _aLa doctrina del evangelismo -- La motivación para evangelismo -- La doctrina de la iglesia -- La obra redentora de Cristo -- La doctrina de la salvación -- Penetrando con el evangelio.
526 _aSEG42
526 _aSEG41
526 _aSEG40
526 _aSEG39
526 _aP94
526 _aP87
526 _aP86
526 _aP85
526 _aP77
526 _aP76
526 _aP35
650 1 4 _aEvangelismo
_xTeología.
700 _aHastey, Ervin
_etraductor.
_93294
700 _aLibert, Samuel O.
_epresentador.
_93295
910 _ajck
942 _2ddc
_cBK
_n0
949 _a269.2 A941t
_wDEWEY
_c1
_i20777
_lCCODEBUL1
_mBUL
_p00.00
_r0
_sY
_tBOOK
_u19781120
_xTEOLOGIA
_0COMPRA
_o.STAFF. Colección General
949 _a269.2 A941t
_wDEWEY
_c2
_i16350
_lCCODEBUL1
_mBUL
_p00.00
_r0
_sY
_tBOOK
_u19781120
_xTEOLOGIA
_0COMPRA
_o.STAFF. Colección General
980 _81
_gALBERTO SANCHEZ Responsable de Automatización
999 _c16365
_d16365